| 000 | 00754nam a22002417a 4500 | ||
|---|---|---|---|
| 999 |
_c3951 _d3951 |
||
| 003 | AR-CdUCM | ||
| 008 | 190307b ||||| |||| 00| 0 spa d | ||
| 020 | _a84-320-8221-X | ||
| 040 |
_aMUNICIPALIDAD PROVINCIAL DEL CUSCO _cBIBLIOTECA MUNICIPAL DEL CUSCO |
||
| 082 |
_a818.15 / _bB45 |
||
| 100 |
_aBernstein, Carl _912639 |
||
| 245 | _aTodos los Hombres del Presidente / | ||
| 260 |
_aEspaña : _bPlaneta : _c1974. |
||
| 300 |
_a358 páginas ; _c19cm |
||
| 440 |
_aBestSellers Planeta _n21 _912640 |
||
| 505 | _aContenido: Novela | ||
| 650 |
_aNo-ficción _912641 |
||
| 650 |
_aLiteratura estadounidense _99582 |
||
| 700 |
_aWoodward, Bob _912642 |
||
| 700 |
_aAdsuar Ortega, Joaquín (traducción) _912643 |
||
| 942 |
_2ddc _cLIBROS |
||
| 945 | _anom | ||